Основы профессиональной культуры и антикоррупционного поведения учебное пособие
Учебное пособие является дополнительной литературой по курсу «Основы профессиональной культуры и антикоррупционного поведения». В нем представлены теоретические материалы с пояснениями теоретических конструкций в схемах и дефинициях, задания для самостоятельной работы, контрольно-измерительные матер...
Сохранить в:
| Главный автор: | |
|---|---|
| Формат: | Книга |
| Язык: | Russian |
| Опубликовано: |
Самара
Самарский университет
2022
|
| Online-ссылка: | https://e.lanbook.com/book/336497 https://e.lanbook.com/img/cover/book/336497.jpg |
| Метки: |
Добавить метку
Нет меток, Требуется 1-ая метка записи!
|
| LEADER | 03480nam0a2200289 i 4500 | ||
|---|---|---|---|
| 001 | 336497 | ||
| 003 | RuSpLAN | ||
| 005 | 20240216150944.0 | ||
| 008 | 240216s2022 ru gs 000 0 rus | ||
| 020 | |a 978-5-7883-1805-9 | ||
| 040 | |a RuSpLAN | ||
| 041 | 0 | |a rus | |
| 044 | |a ru | ||
| 080 | |a 37.0(075) | ||
| 084 | |a 74я7 |2 rubbk | ||
| 245 | 0 | 0 | |a Основы профессиональной культуры и антикоррупционного поведения |b учебное пособие |c Шиханова Е. Г. |
| 260 | |a Самара |b Самарский университет |c 2022 | ||
| 300 | |a 72 с. | ||
| 500 | |a Рекомендовано редакционно-издательским советом федерального государственного автономного образовательного учреждения высшего образования «Самарский национальный исследовательский университет имени академика С.П. Королева» в качестве учебного пособия для обучающихся по основным образовательным программам высшего образования по направлениям подготовки 22.03.02 Металлургия, 15.03.01 Машиностроение, 24.03.04 Авиастроение, 24.03.01 Ракетные комплексы и космонавтика, 01.03.03 Механика и математическое моделирование и специальностям 24.05.07 Самолето- и вертолетостроение, 24.05.01 Проектирование, производство и эксплуатация ракет и ракетно-космических комплексов | ||
| 504 | |a Библиогр.: доступна в карточке книги, на сайте ЭБС Лань | ||
| 520 | 8 | |a Учебное пособие является дополнительной литературой по курсу «Основы профессиональной культуры и антикоррупционного поведения». В нем представлены теоретические материалы с пояснениями теоретических конструкций в схемах и дефинициях, задания для самостоятельной работы, контрольно-измерительные материалы и рекомендованные источники. Предназначено для обучающихся очной, очно-заочной и заочной форм обучения всех направлений подготовки и специальностей, изучающих дисциплину, а также для любой аудитории в целях правового просвещения и повышения уровня правовой культуры. Подготовлено на кафедре социальных систем и права. | |
| 521 | 8 | |a Книга из коллекции Самарский университет - Экономика и менеджмент | |
| 521 | 8 | |a СЭБ | |
| 100 | 1 | |a Шиханова Е. Г. | |
| 856 | 4 | |u https://e.lanbook.com/book/336497 | |
| 856 | 4 | 8 | |u https://e.lanbook.com/img/cover/book/336497.jpg |
| 953 | |a https://e.lanbook.com/img/cover/book/336497.jpg | ||